000 00632cam a2200205 4500500
005 20260405003838.0
041 _afre
042 _adc
100 1 0 _aEnjalbert, Cédric
_eauthor
245 0 0 _aÉlections européennes : l’avènement du postpopulisme ?
260 _c2024.
500 _a56
690 _aÉlection
690 _aEurope
690 _aExtrême droite
690 _aJordan Bardella
690 _aPopulisme
786 0 _nPhilosophie magazine | 180 | 6 | 2024-06-01 | p. 13-13 | 1951-1787
856 4 1 _uhttps://shs.cairn.info/magazine-philosophie-magazine-2024-6-page-13?lang=fr&redirect-ssocas=7080
999 _c2071388
_d2071388